| 000 | 00688nam a2200241 a 4500 | ||
|---|---|---|---|
| 008 | |||
| 020 | _a058260253X (pbk.) | ||
| 049 | _aMAIN | ||
| 090 | _aDT853.5 | ||
| 100 | 1 | 0 | _aTindall, P. E. N. |
| 245 | 1 | 2 |
_aA history of Central Africa / _cP. E. N. Tindall. |
| 260 | 0 |
_aLondon : _bLongman, _c1968. |
|
| 300 |
_a348 p. : _bill., maps, ports. ; _c22 cm. |
||
| 504 | _aIncludes bibliographical references. | ||
| 651 | 0 |
_aMalawi _xHistory. |
|
| 651 | 0 |
_aZambia _xHistory. |
|
| 651 | 0 |
_aZimbabwe _xHistory. |
|
| 907 |
_a.b10077091 _b31-05-04 _c13-06-03 |
||
| 003 | |||
| 005 | 20230123133256.0 | ||
| 040 | _cNUST | ||
| 942 |
_cBOOKS _kDT853.5 |
||
| 999 |
_c145790 _d145790 |
||